[Event "BEL-ch op"]
[Site "Lommel"]
[Date "2012.06.30"]
[Round "1"]
[White "Englicky, Pavel"]
[Black "De Vleeschauwer, Maarten"]
[Result "0-1"]
[WhiteElo "1671"]
[BlackElo "2012"]
[PlyCount "82"]
[EventDate "2012.06.30"]
[EventType "swiss"]
[EventRounds "9"]
[EventCountry "BEL"]
[SourceTitle "EXT 2013"]
[Source "ChessBase"]
[SourceDate "2012.11.22"]
[SourceVersion "1"]
[SourceVersionDate "2012.11.22"]
[SourceQuality "1"]

1. e4 c5 2. c3 e6 3. d4 d5 4. exd5 exd5 5. Bb5+ Nc6 6. Qe2+ Be6 7. dxc5 Bxc5 8. b4 Bd6 9. Nf3 Nf6 10. Nd4 Qd7 11. Bg5 Ne4 12. Qe3 Nxg5 13. Qxg5 0-0 14. 0-0 a6 15. Nxc6 bxc6 16. Bd3 Be7 17. Qh5 h6 18. Nd2 Bf6 19. Rac1 Bg4 20. Bf5 Qxf5 21. Qxf5 Bxf5 22. Nf3 Bd3 23. Rfe1 Rfe8 24. Nd4 Rxe1+ 25. Rxe1 Bxd4 26. cxd4 a5 27. bxa5 Rxa5 28. Ra1 Ra4 29. f3 Rxd4 30. a4 Rb4 31. a5 Ba6 32. Kf2 Kf8 33. Rc1 Rc4 34. Rb1 Ra4 35. Rb6 Rxa5 36. Rxc6 Ke7 37. Ke3 Kd7 38. Rc2 Kd6 39. f4 Ra3+ 40. Kd2 Bc4 41. Rb2 Ra2 0-1